000
00339 a2200157 4500
001
72540
020
_a
8508041748
040
_c
Anchieta - Colégio São Paulo
100
_a
Sabino, Fernando
240
1
0
_a
O bom ladrão
_l
por
245
1
0
_a
O bom ladrão
300
_a
93
362
0
_a
2001
650
4
_a
Literatura juvenil
942
_c
BK
999
_c
72540
_d
72540